000 01193nam a2200313Ia 4500
001 ebr10233033
003 CaPaEBR
006 m u
007 cr cn|||||||||
008 080329s2008 inua s 001 0 eng d
010 _z 2008014652
020 _z9780470177082
040 _aCaPaEBR
_cCaPaEBR
035 _a(OCoLC)646751544
050 1 4 _aTK5105.888
_b.P674 2008eb
245 0 0 _aProfessional CSS
_h[electronic resource] :
_bcascading style sheets for Web design /
_cChristopher Schmitt ... [et al.].
250 _a2nd ed.
260 _aIndianapolis, IN :
_bWiley Pub.,
_cc2008.
300 _axvii, 301 p. :
_bcol. ill.
500 _aIncludes index.
500 _a"Programmer to programmer".
533 _aElectronic reproduction.
_bPalo Alto, Calif. :
_cebrary,
_d2009.
_nAvailable via World Wide Web.
_nAccess may be limited to ebrary affiliated libraries.
650 0 _aWeb sites
_xDesign.
650 0 _aCascading style sheets.
655 7 _aElectronic books.
_2local
700 1 _aSchmitt, Christopher.
710 2 _aebrary, Inc.
856 4 0 _uhttp://site.ebrary.com/lib/rucke/Doc?id=10233033
_zAn electronic book accessible through the World Wide Web; click to view
999 _c38023
_d38023